banner-ar

بونابرت فى مصر: الحملة الفرنسية فى مصر من خلال غراميات قائدها / (Record no. 44230)

MARC details
000 -الفاتح
حقل البيانات ثابتة الطول 00567nam a2200169Ia 4500
008 - عناصر البيانات ثابتة الطول - معلومات عامة
حقل البيانات ثابتة الطول 140319s9999 xx 000 0 ara d
040 ## - مصدر الفهرسة
وكالة الفهرسة الأصلية GCL /
وكالة النسخ GCL
082 04 - رقم تصنيف ديوى العشرى
رقم التصنيف 962.2
رقم المادة ر ب
100 1# - المدخل الرئيسى - إسم شخصى
الإسم الشخصى حبيب جاماتى
245 10 - بيان العنوان
العنوان بونابرت فى مصر: الحملة الفرنسية فى مصر من خلال غراميات قائدها /
بيان المسئوليه,etc حبيب جاماتى
700 1# - المدخل الاضافى - اسم شخصى
الإسم الشخصى ريجيس، روجيه
490 ## - بيان السلسلة
عنوان السلسلة من الشرق والغرب
رقم المجلد/ التعيين التسلسلي 0
650 04 - المدخل الاضافى بالموضوع-مصطلح موضوعى
مصطلح موضوعي نابليون بونابرت
650 04 - المدخل الاضافى بالموضوع-مصطلح موضوعى
مصطلح موضوعي مصر - تاريخ
942 ## - عناصر المدخل الإضافي( كوها)
مصدر التصنيف او مخطط الترفيف Dewey Decimal Classification
Koha [default] item type كتاب
Holdings
حالة التراجع حالة الفقد حالة تلف ليس للاعارة المكان المؤقت الموقع الحالى تاريخ الاكتساب اجمالي اﻻعارات رقم الطلب الباركود تاريخ اخر مشاهدة تاريخ تفعيل السعر نوع وعاء كوها
        مكتبة القاهرة الكبرى مكتبة القاهرة الكبرى 03/26/2014   962.2\ر ب 107461 03/26/2014 03/26/2014 كتاب
        مكتبة القاهرة الكبرى مكتبة القاهرة الكبرى 03/26/2014   962.2\ر ب 107462 03/26/2014 03/26/2014 كتاب

Powered By

EGPV